000 00476nam a2200193Ia 4500
008 170918s9999 xx 000 0 und d
020 _a9780545341035
050 _bS857 2000
100 _aStilton, Geronimo
245 4 _aThe enermouse pearl heist /
245 _cby Geronimo Stilton.
260 _aNew York :
260 _bScholastic,
260 _c2009
300 _a97 pages :
300 _bcolor illustrations ;
300 _eGeronimo Stilton ;
440 _a51
999 _c343678
_d343678